LEADER 00913nam0-22002891--450- 001 990008866520403321 005 20090616110300.0 035 $a000886652 035 $aFED01000886652 035 $a(Aleph)000886652FED01 035 $a000886652 100 $a20090616d1929----km-y0itay50------ba 101 0 $afre 102 $aFR 105 $ay-------001yy 200 1 $aContribution a l'etude de l'economie et des finances publiques de l'Italie depuis la Guerre$fpar Francois Perroux 210 $aParis$cM. Giard$d1929 215 $a357 p.$d23 cm 676 $a330.9450914$v19$zita 700 1$aPerroux,$bFrançois$f<1903-1987>$0148753 801 0$aIT$bUNINA$gRICA$2UNIMARC 901 $aBK 912 $a990008866520403321 952 $aXIV D 60$b25729$fFGBC 959 $aFGBC 996 $aContribution a l'etude de l'economie et des finances publiques de l'Italie depuis la Guerre$9803367 997 $aUNINA LEADER 01031nam0-22003131i-450 001 990007459870403321 005 20260126124522.0 035 $a000745987 035 $aFED01000745987 100 $a20030813d1981----km-y0itay50------ba 101 0 $aita 102 $aIT 200 1 $aContributi per un dibattito sull' insegnamento della geografia$fGianfranco Battisti 210 $aTrieste$cNuova del Bianco Industrie Grafiche$d1981 215 $a63 p.$d24 cm 225 1 $a[Pubblicazioni della] Scuola Superiore di Lingue Moderne per Interpreti e Traduttori, Università degli Studi di Trieste$v4 610 0 $aGeografia$aDidattica 676 $a042.001 676 $a910.07 700 1$aBattisti,$bGianfranco$068077 801 0$aIT$bUNINA$gRICA$2UNIMARC 901 $aBK 912 $a990007459870403321 952 $aA-G 0155$bI.G.234A$fILFGE 952 $a042.001.BAT$b2832$fDECGE 959 $aILFGE 959 $aDECGE 996 $aContributi per un dibattito sull' insegnamento della geografia$9679891 997 $aUNINA